| 000 | 00450pab a2200181 454500 | ||
|---|---|---|---|
| 008 | 180718b1996 xxu||||| |||| 00| 0 eng d | ||
| 100 | _aDasgupta, Gurudas | ||
| 245 | _aCorruption, criminalisation, politics | ||
| 260 | _c1996 | ||
| 300 | _ap.4-6 | ||
| 362 | _a12 Oct | ||
| 650 | _aIndia - Politics and government | ||
| 650 | _aCrime - India | ||
| 650 | _aCorruption - India | ||
| 650 | _aCorruption | ||
| 773 | _aMainstream | ||
| 909 | _a32230 | ||
| 999 |
_c32230 _d32230 |
||